Every 100,000+ City in Türkiye - Statistics

General Stats
  • This quiz has been taken 79 times
    16 since last reset
  • The average score is 46 of 149
Answer Stats
Letter Population City % Correct
A 5,881,306 Ankara
100%
I 16,550,287 İstanbul
100%
A 1,503,266 Antalya
93%
G 2,007,210 Gaziantep
93%
I 3,504,097 İzmir
93%
K 1,215,858 Kayseri
93%
A 2,159,054 Adana
87%
B 2,251,350 Bursa
87%
D 1,208,767 Diyarbakır
87%
E 926,506 Eskişehir
87%
I 1,266,105 İzmit
87%
K 1,457,845 Konya
87%
M 1,146,415 Mersin
87%
A 441,091 Antakya
80%
S 810,153 Samsun
80%
T 412,390 Trabzon
80%
V 576,341 Van
80%
B 517,433 Batman
73%
E 205,013 Edirne
73%
E 621,805 Erzurum
73%
G 951,127 Gebze
73%
M 582,206 Malatya
73%
T 270,905 Tekirdağ
73%
A 380,479 Alanya
67%
C 305,166 Çorlu
67%
D 764,088 Denizli
60%
E 510,198 Elazığ
60%
K 610,337 Kahramanmaraş
60%
O 289,650 Ordu
60%
S 709,954 Şanlıurfa
60%
A/S 443,724 Adapazarı
53%
A 305,620 Aydın
53%
O 290,320 Osmaniye
53%
S 131,401 Silivri
53%
B 376,651 Balıkesir
47%
I 409,581 İskenderun
47%
I 283,330 Isparta
47%
L 129,748 Lüleburgaz
47%
A 317,903 Afyonkarahisar
40%
B 197,811 Bolu
40%
C 240,621 Çerkezköy
40%
K 160,030 Kapaklı
40%
M 419,665 Manisa
40%
M 150,070 Mardin
40%
T 403,606 Tarsus
40%
C 186,910 Çanakkale
33%
K 195,303 Karabük
33%
K 224,094 Karaman
33%
K 104,694 Kars
33%
K 123,810 Kilis
33%
R 119,980 Rize
33%
S 175,203 Siirt
33%
S 397,707 Sivas
33%
Y 117,154 Yozgat
33%
Z 221,045 Zonguldak
33%
A 294,077 Adıyaman
27%
A 266,800 Aksaray
27%
B 211,600 Bodrum
27%
D 151,307 Düzce
27%
E 191,030 Erzincan
27%
G 133,175 Giresun
27%
K 258,903 Kırıkkale
27%
K 303,426 Kütahya
27%
M 109,373 Muş
27%
N 134,412 Nevşehir
27%
T 171,519 Tokat
27%
U 343,190 Uşak
27%
Y 217,599 Yalova
27%
A 155,301 Ağrı
20%
A 170,750 Akhisar
20%
B 106,245 Bingöl
20%
B 129,065 Burdur
20%
C 302,780 Çorum
20%
E 107,209 Elbistan
20%
F 137,477 Fatsa
20%
F 219,404 Fethiye
20%
I 109,932 Iğdır
20%
K 126,950 Kastamonu
20%
K 165,080 Kırşehir
20%
K 182,889 Kuşadası
20%
M 101,060 Muğla
20%
N 184,047 Niğde
20%
A 104,605 Akşehir
13%
A 110,400 Alaşehir
13%
A 123,075 Amasya
13%
A 246,788 Arnavutköy
13%
B 139,096 Bafra
13%
B 177,490 Bandırma
13%
B 116,170 Bergama
13%
C 101,340 Çankırı
13%
C 158,088 Ceyhan
13%
C 148,261 Cizre
13%
D 103,802 Didim
13%
E 110,062 | 144,905 Ereğli
13%
G 146,474 Gölbaşı
13%
G 265,822 Gölcük
13%
K 139,902 Kartepe
13%
K 280,907 Kızıltepe
13%
K 153,840 Kozan
13%
M 128,991 Midyat
13%
N 227,925 Nazilli
13%
S 150,712 Serik
13%
S 159,385 Silifke
13%
S 114,509 Silopi
13%
S 255,007 Siverek
13%
S 122,056 Suruç
13%
T 251,498 Turgutlu
13%
U 140,993 Ünye
13%
V 188,535 Viranşehir
13%
Y 127,630 Yüksekova
13%
A 139,906 Akçaabat
7%
A 100,044 Akçakale
7%
B 102,150 Birecik
7%
C 105,990 Çarşamba
7%
C 160,039 Çayırova
7%
C 102,040 Ceylanpınar
7%
D 280,507 Darıca
7%
D 405,061 Derince
7%
D 136,073 Dörtyol
7%
E 103,679 Edremit
7%
E 115,230 Erciş
7%
E 108,460 Erdemli
7%
E 132,189 Ergani
7%
H 101,339 Hendek
7%
I 308,798 İnegöl
7%
K 108,660 Kadirli
7%
K 130,078 Kırıkhan
7%
K 188,785 Körfez
7%
M 349,161 Manavgat
7%
M 106,422 Marmaris
7%
M 162,590 Milas
7%
N 156,990 Nizip
7%
N 126,092 Nusaybin
7%
O 137,101 Ödemiş
7%
P 208,916 Polatlı
7%
P 171,092 Pursaklar
7%
S 189,029 Salihli
7%
S 142,406 Samandağ
7%
S 110,780 Söke
7%
S 122,553 Soma
7%
T 101,511 Tire
7%
T 107,205 Torbalı
7%
B 121,920 Bismil
0%
G 104,173 Gemlik
0%
K 108,606 Karasu
0%
M 112,606 Mustafakemalpaşa
0%
R 111,332 Reyhanlı
0%
T 106,033 Turhal
0%
No matching quizzes found
Score Distribution
Percent of People with Each Score
Percentile by Number Answered
Your Score History
You have not taken this quiz since the last reset